Un disparatado viaje a Ratikistán / (Registro nro. 15648)

Detalles MARC
000 -LEADER
fixed length control field 01386nam a22003257a 4500
003 - CONTROL NUMBER IDENTIFIER
control field OSt
005 - DATE AND TIME OF LATEST TRANSACTION
control field 20250711154256.0
008 - FIXED-LENGTH DATA ELEMENTS--GENERAL INFORMATION
fixed length control field 211209b2005 sp a|||br|||| 00| f spa d
020 ## - INTERNATIONAL STANDARD BOOK NUMBER
International Standard Book Number 9584212427
040 ## - CATALOGING SOURCE
Original cataloging agency CO-JMCR
Transcribing agency CO-JMCR
041 1# - LANGUAGE CODE
Language code of text/sound track or separate title spa
Language code of original ita
082 04 - DEWEY DECIMAL CLASSIFICATION NUMBER
Classification number N
Item number STIu
Edition number 23
100 1# - MAIN ENTRY--PERSONAL NAME
Personal name Stilton, Geronimo,
Relator term autor
9 (RLIN) 8224
245 10 - TITLE STATEMENT
Title Un disparatado viaje a Ratikistán /
Statement of responsibility, etc. Geronimo Stilton ; ilustraciones de Larry Keys ; traducción, Manuel Manzano
250 ## - EDITION STATEMENT
Remainder of edition statement Primera edición
260 ## - PUBLICATION, DISTRIBUTION, ETC.
Place of publication, distribution, etc. Bogotá :
Name of publisher, distributor, etc. Editorial Planeta,
Date of publication, distribution, etc. 2005
300 ## - PHYSICAL DESCRIPTION
Extent 117 páginas :
Other physical details ilustraciones a color ;
Dimensions 20 cm.
500 ## - GENERAL NOTE
General note Título original: un camper color formaggio
520 3# - SUMMARY, ETC.
Summary, etc. Odio viajar. ¿Qué hago entonces aquí, en Ratikistán, a cuarenta grados bajo cero, con toda mi familia en una casa rodante color queso? Todo ha sido por culpa de mi abuelo, Torcuato Revoltoso, el fundador de la editorial….
546 ## - LANGUAGE NOTE
Language note Traducido del italiano.
650 14 - SUBJECT ADDED ENTRY--TOPICAL TERM
Topical term or geographic name entry element Novela infantil italiana --Siglo xx
9 (RLIN) 41808
650 24 - SUBJECT ADDED ENTRY--TOPICAL TERM
Topical term or geographic name entry element Literatura infantil italiana --Siglo xx
9 (RLIN) 41809
650 24 - SUBJECT ADDED ENTRY--TOPICAL TERM
Topical term or geographic name entry element Ratones en la literatura
9 (RLIN) 11714
650 24 - SUBJECT ADDED ENTRY--TOPICAL TERM
Topical term or geographic name entry element Viajes en la literatura
9 (RLIN) 10007
650 24 - SUBJECT ADDED ENTRY--TOPICAL TERM
Topical term or geographic name entry element Historias de aventuras
9 (RLIN) 41810
650 24 - SUBJECT ADDED ENTRY--TOPICAL TERM
Topical term or geographic name entry element Periodismo en la literatura
9 (RLIN) 41811
700 1# - ADDED ENTRY--PERSONAL NAME
Personal name Keys, Larry,
Relator term ilustrador
9 (RLIN) 41812
700 1# - ADDED ENTRY--PERSONAL NAME
Personal name Manzano, Manuel,
Relator term traductor
9 (RLIN) 8228
942 ## - ADDED ENTRY ELEMENTS (KOHA)
Source of classification or shelving scheme Dewey Decimal Classification
Koha item type Books
Existencias
Withdrawn status Lost status Source of classification or shelving scheme Damaged status Not for loan Collection code Home library Current library Date acquired Source of acquisition Total Checkouts Total Renewals Full call number Barcode Date last seen Date last checked out Copy number Price effective from Koha item type
    Dewey Decimal Classification     Fiction Biblioteca Pública José María del Castillo y Rada Biblioteca Pública José María del Castillo y Rada 12/06/2021 Donación 3 1 N STIu 201811326 03/31/2026 03/31/2026 Ej.1 12/09/2021 Books